000 01095 a2200229 4500
001 44890
005 20260407155723.0
008 260407a2011 arg spa d
003 AR-UNSa-BCEJYS
040 _aAR-UNSa-BCEJYS
_bspa
_cAR-UNSa-BCEJYS
080 _a330(825.1)
_xEconomía de Mendoza
245 1 0 _aCondiciones de vida y vitivinicultura
_pMendoza, 1870-1950
020 _a978-987-558-208-8
264 1 _aBuenos Aires :
_bUniversidad Nacional de Quilmes
_c2011
300 _a251 p.
_c22 cm.
505 _a1. El escenario productivo - 2. Características y particularidades del mercado de trabajo – 3. Componentes esenciales de una economía familiar: mujeres y niños en el mercado de trabajo – 4. Analfabetismo, educación y desarrollo social – 5. Particularidades de la transición demográfica – 6. La vivienda: sus características y evolución -
041 _aspa
942 _cBK
590 _aniveau_biblio:m niveau_hierar:0
100 1 _aCerdá, Juan Manuel
856 4 1 _uhttps://www.biblioeco.unsa.edu.ar/pmb/images/libros/L127021.jpg
_yImagen de portada
_qimage/jpeg
999 _c3839
_d3839